000 01190nam a22003377a 4500
003 CHAP
005 20220817044337.0
008 100427s2008 fr r 00010 eng d
010 _a98271
011 _a99243
020 _a9789264034310
035 _a109928
040 _cCHAP
082 0 4 _a333.95
_bOc19
100 1 _aBagnoli, Philip.
_99406
245 1 0 _aPeople and biodiversity policies
_bimpacts, issues and strategies for policy action
_c/by Philip Bagnoli, Timo Goeschl and Eszter Kovács.
260 _aParis :
_bOECD,
_cc2008
300 _a249 p. :
_bgráfs., tablas
590 _aBATCH-UPD
_b10
_c20130110
_lUCH01
_h1935
590 _aBATCH-UPD
_b10
_c20130410
_lUCH01
_h0830
590 _aBATCH-UPD
_b10
_c20130914
_lUCH01
_h0524
590 _aCONVERSION
_b10
_c20130109
_lUCH01
_h1354
650 1 4 _aBiodiversidad
_xAspectos económicos.
_912725
650 1 4 _aDesarrollo sustentable.
700 1 _aGoeschl, Timo
_948512
700 1 _aKovács, Eszter.
_963810
710 0 _aOrganización para la Cooperación y el Desarrollo Económicos. París.
_983559
901 _aBK
942 _cLIBRO
949 _a333.95 Oc19
_bBC
_cLIBRO
_d33724002125017
_eLIBRO
_gDonacØn
_h112370
_i109928
_sb
999 _c98271
_d98271